000 00450nam a2200181Ia 4500
999 _c3318
_d3318
003 GBCCL
005 20241126110452.0
008 171124b xxu||||| |||| 00| 0 eng d
020 _a0883681846
040 _cgbc
082 _a306.8
_bWAR
100 _aWard, C. M.
_96809
245 _aTwo Shall be One /
_cC. M. Ward
260 _bWhitaker House,
_aPennsylvania:
_c1986
300 _a146p.;
_c18 cm.
650 _aMarriage
_92123
942 _2ddc
_cBK
_07